Introduction to AI robotics /

書誌詳細
第一著者: Murphy, Robin, 1957-
フォーマット: 図書
言語:English
出版事項: Cambridge, Mass. : New Delhi : MIT Press ; Prentice Hall, c2000 [reprinted 2007].
シリーズ:Intelligent robotics and autonomous agents.
主題:
Classic Catalogue: View this record in Classic Catalogue
LEADER 03099nam a2200385 a 4500
001 0017880
003 BD-DhAAL
008 100513r20072000maua b 001 0 eng d
010 |a  00033251 
020 |a 9788120324589 
020 |a 0262133830 (alk. paper) 
040 |a DLC  |c DLC  |d DLC  |d BD-DhAAL 
082 0 0 |a 629.86263  |2 21 
100 1 |a Murphy, Robin,  |d 1957-  |9 59528 
245 1 0 |a Introduction to AI robotics /  |c Robin R. Murphy. 
260 |a Cambridge, Mass. :  |b MIT Press ;  |a New Delhi :  |b Prentice Hall,  |c c2000 [reprinted 2007]. 
300 |a xix, 466 p. :  |b ill. ;  |c 24 cm 
490 0 |a Intelligent robotics and autonomous agents 
500 |a "A Bradford book" 
504 |a Includes bibliographical references (p. [449]-458) and index. 
505 8 |a Machine generated contents note: I Robotic Paradigms 1 -- 1 From Teleoperation To Autonomy 13 -- 2 The Hierarchical Paradigm 41 -- 3 Biological Foundations of the Reactive Paradigm 67 -- 4 The Reactive Paradigm 105 -- 5 Designing a Reactive Implementation 155 -- 6 Common Sensing Techniquesfor Reactive Robots 195 -- 7 The Hybrid Deliberative/Reactive Paradigm 257 -- 8 Multi-agents 293 -- II Navigation 315 -- 9 Topological Path Planning 325 -- 10 Metric Path Planning 351 -- 11 Localization and Map Making 375 -- 12 On the Horizon 435. 
526 |a CSE  |x Md. Khalilur Rhaman, PhD Professor Department of Computer Science and Engineering BRAC University 
541 1 |e 0017880, 0021464, 0021465   |a Friends' Book Corner 
650 0 |a Robotics.  |9 53697 
650 0 |a Artificial intelligence. 
830 |a Intelligent robotics and autonomous agents.  |9 59529 
852 4 |a Ayesha Abed Library  |c General Stacks 
942 |2 ddc  |c BK 
999 |c 8541  |d 8541 
952 |0 0  |1 0  |2 ddc  |4 0  |6 629_862630000000000_MUR_2007  |7 0  |9 10121  |a BRACUL  |b BRACUL  |c GEN  |d 2010-05-13  |l 5  |m 36  |o 629.86263 MUR  |p 3010017880  |r 2023-04-03  |s 2023-01-31  |t 1  |w 2010-05-13  |y BK 
952 |0 0  |1 0  |2 ddc  |4 0  |6 629_862630000000000_MUR  |7 0  |9 13160  |a BRACUL  |b BRACUL  |c GEN  |d 2010-11-07  |e Friends' Book Corner  |g 471.00  |l 5  |m 35  |o 629.86263 MUR  |p 3010021464  |r 2024-12-08  |s 2024-12-03  |t 2  |v 942.00  |w 2010-11-07  |y BK  |x Requisitioned by Md. Khalilur Rhaman, PhD (Professor, Department of Computer Science and Engineering, BRAC University). 
952 |0 0  |1 0  |2 ddc  |4 0  |6 629_862630000000000_MUR  |7 0  |9 13161  |a BRACUL  |b BRACUL  |c GEN  |d 2010-11-07  |e Friends' Book Corner  |g 471.00  |l 9  |m 49  |o 629.86263 MUR  |p 3010021465  |r 2024-09-08  |s 2024-03-06  |t 3  |v 942.00  |w 2010-11-07  |y BK  |x Requisitioned by Md. Khalilur Rhaman, PhD (Professor, Department of Computer Science and Engineering, BRAC University). 
952 |0 0  |1 0  |2 ddc  |4 0  |6 629_862630000000000_MUR  |7 0  |9 13423  |a BRACUL  |b BRACUL  |c GEN  |d 2010-12-05  |l 9  |m 44  |o 629.86263 MUR  |p 3010021531  |r 2025-08-17  |s 2025-08-10  |t 4  |w 2010-12-05  |y BK 
952 |0 0  |1 0  |2 ddc  |4 0  |6 629_862630000000000_MUR  |7 0  |9 13424  |a BRACUL  |b BRACUL  |c GEN  |d 2010-12-05  |l 12  |m 36  |o 629.86263 MUR  |p 3010021532  |r 2026-01-06  |s 2025-11-02  |t 5  |w 2010-12-05  |y BK 
952 |0 0  |1 0  |2 ddc  |4 0  |6 629_862630000000000_MUR  |7 0  |9 14184  |a BRACUL  |b BRACUL  |c GEN  |d 2011-01-24  |e Trust Line International  |g 735.00  |l 7  |m 33  |o 629.86263 MUR  |p 3010021826  |r 2025-08-28  |s 2025-08-20  |t 6  |w 2011-01-24  |y BK